Erkenne alle Tiere - Statistiken

Allgemein
  • Dieses Quiz wurde 98 mal gespielt
  • Das Durchschnittsergebnis liegt bei 14 aus 16
Antwortstatistiken
Bildquiz Antwort % Korrekt
Pferd
100%
Giraffe
98%
Schnecke
98%
Zebra
98%
Hund
95%
Panda
95%
Marienkäfer
93%
Leopard
90%
Seepferdchen
90%
Eule
86%
Fledermaus
85%
Katze
85%
Aal
84%
Maus
83%
Oktopus
83%
Otter
81%
Keine übereinstimmenden Quizze gefunden
Verteilung der Resultate
Anzahl Personen mit jedem Resultat
Perzentil nach korrekt beantworteten Fragen
Ihre Resultats-Entwicklung
Sie haben dieses Quiz noch nicht gespielt